000 00482nam a2200133 a 4500
008 120416s1964 ||||||||||||||||| || u
050 _aNA 5471.C954 Spe
100 _aSpence, Basil
245 1 0 _aPhoenix at Coventry, the building of a cathedral
260 _aLondon
_bCollins
_c1964
300 _a160p. : ill.
350 _a0.00
995 _D0.00
_FCBU-MAIN LIBRARY (Kitwe)
_H1
_I0.00
_M1
_UDAMAGED
_ZMain Library Open Access Collection
999 _c53514
_d53514